FIFA World Cup 2014: Semifinal Brazil vs Germany - Statistics

General Stats
  • This quiz has been taken 138 times
  • The average score is 21 of 30
Answer Stats
# Team Position Player % Correct
1 Bayern Munich GK Manuel Neuer
96%
18 Bayern Munich MF / 2 goals Toni Kroos
93%
11 S.S. Lazio FW / out 58' / 1 goal Miroslav Klose
92%
13 Bayern Munich FW / 1 goal Thomas Müller
92%
8 Arsenal FC MF Mesut Özil
90%
5 Borussia Dortmund DF / out 46' Mats Hummels
89%
4 Chelsea FC DF David Luiz
88%
16 Bayern Munich DF Philipp Lahm
87%
11 Chelsea FC MF / 1 goal Oscar
86%
6 Real Madrid MF / out 76' / 1 goal Sami Khedira
85%
7 Bayern Munich MF Bastian Schweinsteiger
82%
20 Bayern Munich DF Jérôme Boateng
82%
6 Real Madrid DF Marcelo
82%
9 Chelsea FC FW / in 58' / 2 goals André Schürrle
79%
7 Zenit Saint Petersburg FW / out 46' Hulk
76%
12 Toronto FC GK Júlio César
76%
5 Manchester City DF / out 46' Fernandinho
75%
Coach Joachim Löw
73%
13 Bayern Munich DF Dante
72%
4 Schalke 04 DF Benedikt Höwedes
65%
9 Fluminense FW / out 70' Fred
63%
17 Arsenal FC DF / in 46' Per Mertesacker
62%
19 Chelsea FC MF / in 70' Willian
56%
17 VfL Wolfsburg MF Luiz Gustavo
47%
16 Chelsea FC MF / in 46' Ramires
44%
14 Schalke 04 MF / in 76' Julian Draxler
41%
Coach Luiz Felipe Scolari
40%
23 AS Roma DF Maicon
40%
20 Shakhtar Donetsk MF Bernard
39%
8 Tottenham Hotspur MF / in 46' Paulinho
37%
No matching quizzes found
Score Distribution
Percent of People with Each Score
Percentile by Number Answered
Your Score History
You have not taken this quiz